LEADER 00894nam a2200253 i 4500 001 991002637669707536 005 20020508203555.0 008 940516s1993 it ||| | ita 020 $a8821525678 035 $ab11039012-39ule_inst 035 $aPARLA166392$9ExL 040 $aDip.to Filosofia$bita 100 1 $aGalantino, Nunzio$0537921 245 10$aDire "uomo" oggi :$ble nuove vie dell'antropologia filosofica /$cNunzio Galantino 260 $aMilano :$bPaoline,$cc1993 300 $a191 p. ;$c221 cm. 490 0 $aUniverso filosofia ;$v4 650 4$aAntropologia filosofica 907 $a.b11039012$b23-02-17$c28-06-02 912 $a991002637669707536 945 $aLE005 MF 28 E 1$g1$i2005000231605$lle005$o-$pE0.00$q-$rl$s- $t0$u0$v0$w0$x0$y.i11161528$z28-06-02 996 $aDire "uomo" oggi$9858851 997 $aUNISALENTO 998 $ale005$b01-01-94$cm$da $e-$fita$git $h0$i1 LEADER 01529nam 2200361 450 001 9910508609803321 005 20231213215817.0 010 $a1-5044-8146-1 024 7 $a10.1109/IEEESTD.2021.9626693 035 $a(CKB)4100000012154736 035 $a(NjHacI)994100000012154736 035 $a(EXLCZ)994100000012154736 100 $a20231213d2021 uy 0 101 0 $aeng 135 $aur||||||||||| 181 $ctxt$2rdacontent 182 $cc$2rdamedia 183 $acr$2rdacarrier 200 10$a2861-2021 $eIEEE Standard for Mobile Gaming Performance Evaluation and Optimization /$fInstitute of Electrical and Electronics Engineers 210 1$aNew York, NY, USA :$cIEEE,$d2021. 215 $a1 online resource (31 pages) 330 $aThis standard is to improve the user experience of mobile gaming by solving the issues between the high demands from game applications and the resource limitation of a mobile device. Message exchange is critical to coordinate the resource allocation and to optimize the performance of gaming that ensure fluent user experiences in games. Additionally, this standard specifies evaluation methods and criteria that enables the control and optimization. 606 $aCell phone services industry 606 $aComputer games 615 0$aCell phone services industry. 615 0$aComputer games. 676 $a384.534 801 0$bNjHacI 801 1$bNjHacl 906 $aDOCUMENT 912 $a9910508609803321 996 $a2861-2021$93653008 997 $aUNINA